[Event "Moron Amateur-ch"]
[Site "Moron"]
[Date "2018.07.24"]
[Round "5"]
[White "Fernandez, Mauricio"]
[Black "Moreno, Javier Gonzalo"]
[Result "0-1"]
[WhiteElo "1459"]
[BlackElo "1804"]
[PlyCount "28"]
[EventDate "2018.07.17"]
[EventType "swiss"]
[EventRounds "7"]
[EventCountry "ARG"]
[SourceTitle "EXT 2019"]
[Source "ChessBase"]
[SourceDate "2018.10.10"]
[SourceVersion "1"]
[SourceVersionDate "2018.10.10"]
[SourceQuality "1"]

1. e4 e5 2. Nf3 Nc6 3. Bc4 Bc5 4. c3 d6 5. d4 exd4 6. cxd4 Bb4+ 7. Nc3 Nf6 8. 0-0 Bg4 9. d5 Ne5 10. Qa4+ Qd7 11. Qxb4 Bxf3 12. Qxb7 Qg4 13. Bb5+ Nfd7 14. g3 Qh3 0-1

[Event "Moron Faogba op"]
[Site "Moron"]
[Date "2018.03.13"]
[Round "6"]
[White "Moreno, Javier Gonzalo"]
[Black "Roguin, Nestor H"]
[Result "0-1"]
[WhiteElo "1856"]
[BlackElo "1816"]
[PlyCount "56"]
[EventDate "2018.03.03"]
[EventType "swiss"]
[EventRounds "7"]
[EventCountry "ARG"]
[SourceTitle "CBM 183 Extra"]
[Source "ChessBase"]
[SourceDate "2018.04.19"]
[SourceVersion "1"]
[SourceVersionDate "2018.04.19"]
[SourceQuality "1"]

1. e4 c5 2. Nc3 Nc6 3. f4 d6 4. Nf3 Nf6 5. Bc4 e6 6. d3 Be7 7. 0-0 0-0 8. e5 dxe5 9. fxe5 Nd5 10. Qe1 a6 11. Qg3 b5 12. Bh6 g6 13. Bxf8 Bxf8 14. Bb3 Ne3 15. Rf2 Nf5 16. Qh3 Bg7 17. Re1 Bb7 18. Qg4 Qc7 19. Ne4 Nxe5 20. Qf4 Nxf3+ 21. Rxf3 Be5 22. Nf6+ Kg7 23. Nh5+ gxh5 24. Rg3+ Nxg3 25. Qg5+ Kf8 26. Rxe5 Nf5 27. Qf6 c4 28. dxc4 Qc6 0-1